| 000 | 00886nam a22002297i 4500 | ||
|---|---|---|---|
| 005 | 20251222093749.0 | ||
| 008 | 250721s2022 msu gr 000 1 ara d | ||
| 020 | _a9789922623351 | ||
| 082 | 1 | 4 |
_a810.09035 _bج ا ح |
| 100 | 1 |
_aالكناني، عمرو بن بحر _eمؤلف. |
|
| 245 | 1 | 0 |
_aكتاب التاج في أخلاق الملوك للجاحط / _cتأليف عمرو بن بحر الكناني البصري ؛ تحقيق أحمد زكي باشا. |
| 250 | _aالطبعة الثانية. | ||
| 264 | 3 | 1 |
_aبغداد : _bدار الرافدين، _c2022. |
| 300 | _a302 صفحة. | ||
| 650 | 1 | 7 | _aالأدب. |
| 650 | 1 | 7 | _aالملوك والحكام. |
| 650 | 1 | 7 | _aالنوادر والطرائف. |
| 650 | 1 | 7 | _aالأخلاق السياسية. |
| 700 | 1 |
_aباشا، أحمد زكي _eمحقق. |
|
| 942 |
_2ddc _cBK |
||
| 999 |
_c147349 _d147349 |
||